Living prayer (Record no. 26643)

MARC details
000 -LEADER
fixed length control field 00551nam a2200169Ia 4500
008 - FIXED-LENGTH DATA ELEMENTS--GENERAL INFORMATION
fixed length control field 210327s9999||||xx |||||||||||||| ||und||
040 ## - CATALOGING SOURCE
Transcribing agency STCPL
082 ## - DEWEY DECIMAL CLASSIFICATION NUMBER
Classification number 248.32
Item number ANT-L
100 ## - MAIN ENTRY--PERSONAL NAME
Personal name Anthony Bloom
245 #0 - TITLE STATEMENT
Title Living prayer
250 ## - EDITION STATEMENT
Edition statement 2nd ed.
260 ## - PUBLICATION, DISTRIBUTION, ETC.
Name of publisher, distributor, etc. St. Paul Publications
Date of publication, distribution, etc. 1977
300 ## - PHYSICAL DESCRIPTION
Extent 120
650 ## - SUBJECT ADDED ENTRY--TOPICAL TERM
Topical term or geographic name entry element Religionकाव्य लक्षण, काव्य हेतु, काव्य-प्रेरणा, शौली, देष, गुण छन्द, काव्य तत्व
942 ## - ADDED ENTRY ELEMENTS (KOHA)
Koha item type Books
041 ## - LANGUAGE CODE
Language code of original English
Holdings
Withdrawn status Lost status Damaged status Not for loan Home library Current library Shelving location Date acquired Total Checkouts Barcode Date last seen Price effective from Koha item type
        ST. THOMAS COLLEGE LIBRARY, PALAI ST. THOMAS COLLEGE LIBRARY, PALAI   2021-07-10   38554 2021-07-10 2021-07-10 Books
Rights reserved ©2021 ST. THOMAS COLLEGE LIBRARY
A joint venture of - St. Thomas College Library and
Department of Computer Science, St. Thomas Collge Palai